[Event "Penang op-B 5th"]
[Site "Penang"]
[Date "2013.12.11"]
[Round "4"]
[White "Lee, Zhemin Calvin"]
[Black "Noor Akbar, Daniel Iskandar"]
[Result "0-1"]
[WhiteElo "1373"]
[BlackElo "1583"]
[PlyCount "48"]
[EventDate "2013.12.09"]
[EventType "swiss"]
[EventRounds "9"]
[EventCountry "MAS"]
[SourceTitle "CBM 158 Extra"]
[Source "ChessBase"]
[SourceDate "2014.02.28"]
[SourceVersion "1"]
[SourceVersionDate "2014.02.28"]
[SourceQuality "1"]

1. d4 Nf6 2. Nf3 g6 3. h3 Bg7 4. Bf4 0-0 5. e3 d6 6. Be2 Nbd7 7. 0-0 c5 8. c3 a6 9. a4 b6 10. Nbd2 Bb7 11. Qc2 Rc8 12. Qd3 Re8 13. Nc4 Be4 14. Qd1 cxd4 15. exd4 Bxf3 16. gxf3 Nh5 17. Bxd6 exd6 18. Nxd6 Qg5+ 19. Kh1 Nf4 20. Rg1 Qh4 21. Qf1 Nxh3 22. Rg4 Nxf2+ 23. Kg1 Nxg4 24. fxg4 Qg3+ 0-1

[Event "Penang op-B 5th"]
[Site "Penang"]
[Date "2013.12.10"]
[Round "2"]
[White "Lee, Zhemin Calvin"]
[Black "Mohd Saprin, Amir Muqqri"]
[Result "1-0"]
[WhiteElo "1373"]
[BlackElo "1636"]
[PlyCount "51"]
[EventDate "2013.12.09"]
[EventType "swiss"]
[EventRounds "9"]
[EventCountry "MAS"]
[SourceTitle "CBM 158 Extra"]
[Source "ChessBase"]
[SourceDate "2014.02.28"]
[SourceVersion "1"]
[SourceVersionDate "2014.02.28"]
[SourceQuality "1"]

1. d4 d5 2. Nf3 Nf6 3. h3 Nc6 4. Bf4 Bf5 5. e3 a6 6. Nh4 Bg6 7. Nxg6 hxg6 8. c4 e6 9. Nc3 Bd6 10. Bxd6 cxd6 11. Qb3 Na5 12. Qa4+ Kf8 13. cxd5 exd5 14. Bd3 Rc8 15. Rc1 Ne4 16. 0-0 Nd2 17. Rfd1 Ndc4 18. Qc2 Nb6 19. Qe2 Qg5 20. Qf3 f6 21. Nxd5 Rxc1 22. Rxc1 Rxh3 23. Qxh3 Nxd5 24. Rc8+ Ke7 25. Qh8 Ke6 26. Qg8+ 1-0

[Event "Penang op-B 5th"]
[Site "Penang"]
[Date "2013.12.10"]
[Round "3"]
[White "Lim, Chuin Kai"]
[Black "Lee, Zhemin Calvin"]
[Result "1-0"]
[WhiteElo "1720"]
[BlackElo "1373"]
[PlyCount "67"]
[EventDate "2013.12.09"]
[EventType "swiss"]
[EventRounds "9"]
[EventCountry "MAS"]
[SourceTitle "CBM 158 Extra"]
[Source "ChessBase"]
[SourceDate "2014.02.28"]
[SourceVersion "1"]
[SourceVersionDate "2014.02.28"]
[SourceQuality "1"]

1. e4 c5 2. Nc3 g6 3. f4 Bg7 4. Nf3 Nc6 5. Bb5 a6 6. Bxc6 bxc6 7. 0-0 d5 8. e5 Bf5 9. d3 Bg4 10. Na4 Qa5 11. b3 Rd8 12. Bd2 Qb5 13. c4 Qb7 14. Nxc5 Qa7 15. b4 e6 16. Qa4 Ne7 17. Be3 Qb6 18. Rae1 Nf5 19. Qxa6 Qxa6 20. Nxa6 Nxe3 21. Rxe3 d4 22. Ree1 Bxf3 23. Rxf3 Kd7 24. Rf2 Ra8 25. b5 cxb5 26. cxb5 Rhc8 27. Rb2 Bf8 28. a4 Be7 29. Ra1 Ra7 30. Nb4 Rca8 31. Nc6 Rxa4 32. Rxa4 Rxa4 33. b6 Kc8 34. b7+ 1-0